Star Energy UK Onshore Ltd and another v Bocardo SA (Record no. 81673)

MARC details
000 -LEADER
fixed length control field 01741cad a22002175a 4500
001 - CONTROL NUMBER
control field L147884
008 - FIXED-LENGTH DATA ELEMENTS--GENERAL INFORMATION
fixed length control field 090625e20090615xxk f v 000 0 eng d
035 ## - SYSTEM CONTROL NUMBER
System control number (Sirsi) u147884
041 0# - LANGUAGE CODE
Language code of text/sound track or separate title eng
245 04 - TITLE STATEMENT
Title Star Energy UK Onshore Ltd and another v Bocardo SA
Medium [electronic resource]
260 ## - PUBLICATION, DISTRIBUTION, ETC.
Date of publication, distribution, etc. 2009
520 ## - SUMMARY, ETC.
Summary, etc. [2009] EWCA Civ 579 (15 June 2009). The case relates to a trespass committed by the construction of pipelines by oil companies and the determination of payable compensation. The appellant companies (S) appealed against a decision that they had committed a trespass by boring pipelines at depth beneath the land of Bocardo SA (B) and were liable to damages. S had a licence to extract oil under the Petroleum (Production) Act 1934. S had no agreement from B nor did they apply for any "ancillary rights" to drill through B's land. The trial judge held that the damages for trespass would be equal to 9% of the companies' revenues for the past six years and for the future. S appealed this decision "Held": S trespassed on B's land. If the parties had negotiated before the trespass, S would have been prepared to pay B £1,000 to save time and avoid the expense of legal proceedings. B is entitled to damages of £1 000 in respect of the past and continuing trespass. The appeal is allowed.
590 ## - LOCAL NOTE (RLIN)
Local note KA
650 24 - SUBJECT ADDED ENTRY--TOPICAL TERM
Topical term or geographic name entry element STAR ENERGY UK ONSHORE LTD AND ANOTHER V BOCARDO SA
650 24 - SUBJECT ADDED ENTRY--TOPICAL TERM
Topical term or geographic name entry element BP PETROLEUM DEVELOPMENTS LTD V RYDER AND OTHERS
650 24 - SUBJECT ADDED ENTRY--TOPICAL TERM
Topical term or geographic name entry element PETROLEUM PRODUCTION ACT 1934
651 #4 - SUBJECT ADDED ENTRY--GEOGRAPHIC NAME
Geographic name England and Wales
Chronological subdivision 1543-
690 ## - LOCAL SUBJECT ADDED ENTRY--TOPICAL TERM (OCLC, RLIN)
Topical term or geographic name as entry element BUILT ENVIRONMENT-BUILDING PATHOLOGY-SUBSIDENCE
856 40 - ELECTRONIC LOCATION AND ACCESS
Uniform Resource Identifier <a href="https://www.bailii.org/ew/cases/EWCA/Civ/2009/579.html">https://www.bailii.org/ew/cases/EWCA/Civ/2009/579.html</a>
Public note View the case free of charge at www.bailli.org...
942 ## - ADDED ENTRY ELEMENTS (KOHA)
Suppress in OPAC 0
Holdings
Withdrawn status Lost status Source of classification or shelving scheme Damaged status Not for loan Home library Current library Shelving location Date acquired Total Checkouts Full call number Barcode Date last seen Copy number Price effective from Koha item type
    Dewey Decimal Classification     Virtual Virtual Online 25/06/2009   ONLINE JUDGMENT 147884-2001 06/08/2019 1 06/08/2019 Law report